Calculus for Business, Economics, Life Sciences and Social Sciences (Record no. 1008)

MARC details
005 - DATE AND TIME OF LATEST TRANSACTION
control field 20250319143037.0
020 ## - INTERNATIONAL STANDARD BOOK NUMBER
International Standard Book Number 0-02-306141-3
082 ## - DEWEY DECIMAL CLASSIFICATION NUMBER
Classification number 515 BAR
100 ## - MAIN ENTRY--PERSONAL NAME
Author name BARNETT, R. A.
245 ## - TITLE STATEMENT
Title Calculus for Business, Economics, Life Sciences and Social Sciences
250 ## - EDITION STATEMENT
Edition statement 5th Ed.
260 ## - PUBLICATION, DISTRIBUTION, ETC.
Place of publication, distribution, etc. California,
Name of publisher, distributor, etc. Dellen,
Date of publication, distribution, etc. 1990.
300 ## - PHYSICAL DESCRIPTION
Extent xv, 581p.: ill,; figure, graph, table
Other physical details Index.
Dimensions 24cm.
700 ## - ADDED ENTRY--PERSONAL NAME
Other authors/Editors ZIEGLER, M. R.
942 ## - ADDED ENTRY ELEMENTS (KOHA)
Source of classification or shelving scheme Dewey Decimal Classification
Koha item type Books
Holdings
Date last seen Total checkouts Full call number Barcode Cost, replacement price Price effective from Koha item type Lost status Source of classification or shelving scheme Damaged status Not for loan Withdrawn status Home library Current library Shelving location Date acquired Cost, normal purchase price
03/19/2025   515 BAR 0000003927 30000.00 03/19/2025 Books   Dewey Decimal Classification       College of Business Education Main Library College of Business Education Main Library General Collection 03/19/2025 10000.00